| 000 | 00963nam a2200253Ia 4500 | ||
|---|---|---|---|
| 003 | OSt | ||
| 005 | 20220923220013.0 | ||
| 006 | a|||||r|||| 00| 0 | ||
| 007 | ta | ||
| 008 | 220922b |||||||| |||| 00| 0 hin d | ||
| 024 | _a183,482 | ||
| 037 | _cTextual | ||
| 040 |
_aARTS _cARTS _bhin |
||
| 041 |
_2hin _ahin |
||
| 082 | _aO152,1:g(P,3), L8 | ||
| 100 | _aराजे, सुधा | ||
| 245 | 0 | _aसातवंे दशक की कविता का शब्द विधान संज्ञाएँ, विशेषण क्रियाएँ | |
| 246 | _aSātavane dashak kī kavitā kā shabda vidhān sanjnyāeँ, visheṣhaṇ kriyāeँ | ||
| 260 |
_aकानपुर _b पुस्तक संस्थान _c1978 |
||
| 300 |
_a271 पृ. _ccm. |
||
| 650 |
_aहिन्दी साहित्य _9156264 |
||
| 942 |
_hO152,1:g(P,3), L8 _cTEXL _2CC |
||
| 999 |
_c336818 _d336818 |
||